00821nam a2200241Ia 450000100060000000300090000600800410001504000130005604000130006904100150008210000230009710000290012024500410014924500200019025000110021026000190022126000280024026000490026830000590031750001440037665000280052065000310054871299IT-RoPAU130308s9999 xx 000 0 und d aIT-RoPAU cIT-RoPAU aPORTOGHESE aAmaral Vieira R.A. gCodice Aut. SPICS: 24409 aReducao de custos grafico-editoriais bEditoracao Hoje a2a ed. aRIO DE JANEIRO bFundacao Getulio Vargas c1981 [1° Ed.:1975 - Ed.Ling.Originale:1975] a"69 p. (prefazione: no ; testo: 69 [pagine: 103-171])" aCosti grafici Editoriali Politica Editoriale Politica di finanziamento Processo Grafico Editoriale previsione dei costi Commercializzazione aINDUSTRIA DELL'EDITORIA eCodice materia Spics: 6606